000
00403nam a22001697a 4500
003
MPLRDC
005
20220104123615.0
008
210129b ||||| |||| 00| 0 eng d
082
_a
218 GTM
100
_a
龚天民
245
_a
现存世界十一宗教
_c
250
_a
初版
260
_a
_b
校园书房出版社
_c
1991
300
_b
平
650
_a
各宗教比较论
942
_c
BK
_o
218 GTM
999
_c
12760
_d
12750